000 00282nam a22001337a 4500
008 170508b xxu||||| |||| 00| 0 eng d
020 _a0895770385
041 _aeng
080 _a34
100 _a15
101 _aSHJ
245 _aYOU AND THE LAW
_cHOLMES, O.W
942 _2udc
_cBK
999 _c12934
_d12934